Arctic Monkeys songs - Statistics

General Stats
  • This quiz has been taken 130 times
  • The average score is 9 of 13
Answers on the Grid
Answers color-coded by a green-red scale on the quiz's grid according to % correct below.
Why'd you only call me when you're re high
Four out of five
dance little liar
the jewellers hand
if you were there, beware
Dirty Diana
Favourite worst nightmare
this house is a circus
black treacle
Do me a favour
Stuck on a puzzle
Angel
Shes my collar
Hell is round the corner
Its golden hour somewhere
Ride the lightning
 
Answer Stats
Answer % Correct
Why'd you only call me when you're re high
95%
Do me a favour
78%
if you were there, beware
78%
this house is a circus
78%
Four out of five
77%
dance little liar
73%
black treacle
72%
Favourite worst nightmare
71%
the jewellers hand
71%
Stuck on a puzzle
64%
Ride the lightning
40%
Hell is round the corner
35%
Its golden hour somewhere
34%
No matching quizzes found
Score Distribution
Percent of People with Each Score
Percentile by Number Answered
Your Score History
You have not taken this quiz